[Event "Mislata 2017 Torneo A"]
[Site "Mislata ESP"]
[Date "2017.08.10"]
[Round "6.5"]
[White "Mingo Fernandez, Matias"]
[Black "Garcia Sancho, Josep"]
[Result "0-1"]
[WhiteElo "2201"]
[BlackElo "2076"]
[PlyCount "128"]
[EventDate "2017.08.07"]
[EventType "swiss"]
[EventRounds "9"]
[EventCountry "ESP"]
[SourceTitle "Ajedrez en Madrid"]
[Source "lmi"]
[SourceDate "2017.08.07"]

1. d4 Nf6 2. Nf3 g6 3. Bf4 Bg7 4. e3 O-O 5. h3 d5 6. Be2 c5 7. c3 Nc6 8. Nbd2
Nd7 9. Nb3 b6 10. O-O e5 11. Bh2 Bb7 12. dxe5 Ncxe5 13. Qc2 Qe7 14. Rad1 Rad8
15. Rfe1 Nxf3+ 16. Bxf3 Ne5 17. Be2 Bc8 18. Nd2 Bf5 19. Qb3 Nd3 20. Bxd3 Bxd3
21. Nf3 Be4 22. Nd2 Bf5 23. Qa4 Rd7 24. Nf3 Rfd8 25. Qc6 Bc2 26. Rc1 Be4 27.
Nd2 Bd3 28. Rcd1 h6 29. Nf3 Bc2 30. Rc1 Be4 31. Nd2 Bd3 32. Bg3 Kh7 33. Nf3 Re8
34. Rcd1 Be4 35. Nd2 Bc2 36. Rc1 Bd3 37. Nf3 Qd8 38. Rcd1 Be4 39. Nd2 Bc2 40.
Rc1 Bd3 41. Nf3 a6 42. Qa4 Rde7 43. Qd1 Be4 44. Nd2 d4 45. cxd4 cxd4 46. Nc4
Rd7 47. exd4 Rxd4 48. Qb3 Bd5 49. Rxe8 Qxe8 50. Nd6 Qa8 51. Qxb6 Bxg2 52. Kh2
Bf3 53. Re1 Qd5 54. Ne8 Rd1 55. Qe3 Bh1 56. f3 Bxf3 57. Nxg7 Rd2+ 58. Bf2 Kxg7
59. Kg3 Qd6+ 60. Qe5+ Qxe5+ 61. Rxe5 Bd5 62. a3 Kf6 63. Re8 h5 64. Rb8 h4+ 0-1

[Event "Mislata 2017 Torneo A"]
[Site "Mislata ESP"]
[Date "2017.08.10"]
[Round "6.6"]
[White "Gonzalvez Perales, Jose Luis"]
[Black "Marin Corresa, Arturo"]
[Result "1-0"]
[WhiteElo "1931"]
[BlackElo "2114"]
[PlyCount "65"]
[EventDate "2017.08.07"]
[EventType "swiss"]
[EventRounds "9"]
[EventCountry "ESP"]
[SourceTitle "Ajedrez en Madrid"]
[Source "lmi"]
[SourceDate "2017.08.07"]

1. e4 c5 2. d4 cxd4 3. c3 dxc3 4. Nxc3 Nc6 5. Nf3 e6 6. Bc4 d6 7. Qe2 Be7 8.
O-O Nf6 9. Rd1 Bd7 10. Bg5 a6 11. Rac1 h6 12. Bxf6 gxf6 13. a3 h5 14. b4 b5 15.
Bb3 Qb6 16. a4 Ne5 17. Nd4 Rb8 18. axb5 axb5 19. Ncxb5 Kf8 20. Ba4 Rh6 21. Rc7
Ra8 22. Qe3 Rg6 23. Nxe6+ fxe6 24. Qxb6 Rxa4 25. Nxd6 Ra2 26. Qb8+ Kg7 27. Rxd7
Nxd7 28. Qe8 Ne5 29. Qxe7+ Kh6 30. Nf7+ Nxf7 31. Qxf7 Rb2 32. h3 Rxb4 33. Qf8+
1-0

[Event "Mislata 2017 Torneo A"]
[Site "Mislata ESP"]
[Date "2017.08.10"]
[Round "6.7"]
[White "Jordan Arenas, Manuel"]
[Black "Gonzalvez Tamarit, Ruben"]
[Result "1/2-1/2"]
[WhiteElo "2122"]
[BlackElo "2073"]
[PlyCount "96"]
[EventDate "2017.08.07"]
[EventType "swiss"]
[EventRounds "9"]
[EventCountry "ESP"]
[SourceTitle "Ajedrez en Madrid"]
[Source "lmi"]
[SourceDate "2017.08.07"]

1. d4 Nf6 2. c4 e6 3. Nf3 Bb4+ 4. Bd2 Qe7 5. g3 O-O 6. Bg2 d5 7. O-O Bxd2 8.
Qxd2 Ne4 9. Qc2 c6 10. Ne5 f5 11. f3 Nd6 12. Nc3 Nd7 13. c5 Nf7 14. Nxd7 Bxd7
15. f4 g5 16. e3 Kh8 17. b4 Rg8 18. Ne2 Rg7 19. Kf2 Rag8 20. Bf3 Nh6 21. Nc1
Qf6 22. Qc3 gxf4 23. exf4 Ng4+ 24. Bxg4 Rxg4 25. Nd3 Qh6 26. Rh1 Qh3 27. Qd2
Be8 28. Rag1 R4g7 29. Ne5 Qh6 30. Qe3 Bh5 31. a4 Qf6 32. Rb1 Qe7 33. Rb2 Qc7
34. Rhb1 Re7 35. Nd3 Be8 36. b5 Qa5 37. Rb4 Rgg7 38. Qe5 cxb5 39. axb5 Qa2+ 40.
Qe2 Qxe2+ 41. Kxe2 b6 42. Kd2 h5 43. Ne5 h4 44. R4b3 hxg3 45. hxg3 Rh7 46. Kc3
Rh2 47. R3b2 Rh3 48. Rg1 Rg7 1/2-1/2

[Event "Mislata 2017 Torneo A"]
[Site "Mislata ESP"]
[Date "2017.08.10"]
[Round "6.8"]
[White "Jordan Martinez, David"]
[Black "Torrijos Garcia, Borja"]
[Result "1/2-1/2"]
[WhiteElo "2095"]
[BlackElo "1997"]
[PlyCount "91"]
[EventDate "2017.08.07"]
[EventType "swiss"]
[EventRounds "9"]
[EventCountry "ESP"]
[SourceTitle "Ajedrez en Madrid"]
[Source "lmi"]
[SourceDate "2017.08.07"]

1. Nf3 c5 2. c4 Nc6 3. d4 cxd4 4. Nxd4 Nf6 5. Nc3 d5 6. Bf4 a6 7. e3 e6 8. Be2
Bd6 9. cxd5 Nxd5 10. Nxd5 exd5 11. Bxd6 Qxd6 12. O-O O-O 13. Bf3 Ne5 14. Qe2
Be6 15. Rfd1 Nxf3+ 16. Qxf3 Qe5 17. Rac1 Rac8 18. Qf4 Qxf4 19. exf4 Rxc1 20.
Rxc1 Rc8 21. Rxc8+ Bxc8 22. b4 Bd7 23. Kf1 g6 24. Ke2 Kf8 25. Ke3 Ke7 26. Ne2
Kd6 27. Kd4 Be6 28. Nc3 f6 29. f3 h5 30. g3 Kc6 31. a3 Kd6 32. Na4 Kc6 33. Nc3
Kd6 34. Ne2 Kc6 35. Kc3 Kd6 36. Nd4 Bd7 37. Kd3 Bc8 38. Ke3 Bd7 39. Kf2 Bc8 40.
Ke3 Bd7 41. Ne2 Kc6 42. Kd4 Be6 43. Nc3 Kd6 44. Na4 Kc6 45. Nc5 Bc8 46. Na4
1/2-1/2

[Event "Mislata 2017 Torneo A"]
[Site "Mislata ESP"]
[Date "2017.08.11"]
[Round "7.1"]
[White "Segarra Martinez, Axel"]
[Black "Cruz Lledo, Pablo"]
[Result "0-1"]
[WhiteElo "2150"]
[BlackElo "2439"]
[PlyCount "76"]
[EventDate "2017.08.07"]
[EventType "swiss"]
[EventRounds "9"]
[EventCountry "ESP"]
[SourceTitle "Ajedrez en Madrid"]
[Source "lmi"]
[SourceDate "2017.08.07"]

1. e4 g6 2. d4 Bg7 3. Nc3 c6 4. Nf3 d5 5. Bd3 Bg4 6. O-O Nf6 7. e5 Nfd7 8. h3
Bxf3 9. Qxf3 e6 10. Ne2 c5 11. c3 Nc6 12. b3 O-O 13. Bb2 a6 14. Qe3 b5 15. Rac1
Re8 16. f4 c4 17. Bc2 Rc8 18. g4 f6 19. Qf2 a5 20. f5 exf5 21. e6 Nf8 22. gxf5
Ne7 23. Ba3 b4 24. cxb4 cxb3 25. axb3 Bh6 26. bxa5 Bxc1 27. Nxc1 gxf5 28. Bxe7
Rxe7 29. Bxf5 Qxa5 30. Nd3 Nxe6 31. Nf4 Nxf4 32. Bxc8 Ne2+ 33. Kh1 Qc3 34. Qg2+
Kh8 35. Rf2 Qc1+ 36. Kh2 Qc7+ 37. Kh1 Ng3+ 38. Kh2 Ne4+ 0-1

[Event "Mislata 2017 Torneo A"]
[Site "Mislata ESP"]
[Date "2017.08.11"]
[Round "7.2"]
[White "Remolar Gallen, Jose"]
[Black "Redondo Flores, David"]
[Result "1-0"]
[WhiteElo "2304"]
[BlackElo "1993"]
[PlyCount "51"]
[EventDate "2017.08.07"]
[EventType "swiss"]
[EventRounds "9"]
[EventCountry "ESP"]
[SourceTitle "Ajedrez en Madrid"]
[Source "lmi"]
[SourceDate "2017.08.07"]

1. d4 d5 2. c4 e6 3. Nf3 c6 4. g3 dxc4 5. Bg2 b5 6. a4 Bb7 7. O-O Nf6 8. Ne5 a6
9. f4 Qb6 10. Nc3 c5 11. d5 b4 12. Nxc4 Qa7 13. Ne4 Nxe4 14. Bxe4 Bxd5 15. Bxd5
exd5 16. Qxd5 Nd7 17. Rf3 Be7 18. Re3 Rf8 19. Nd6+ Kd8 20. Nb7+ Ke8 21. Qd6 Ne5
22. Rxe5 Qxb7 23. Rxe7+ Qxe7 24. Qc6+ Qd7 25. Qxa8+ Ke7 26. Qe4+ 1-0

[Event "Mislata 2017 Torneo A"]
[Site "Mislata ESP"]
[Date "2017.08.11"]
[Round "7.3"]
[White "Garcia Sancho, Josep"]
[Black "Gonzalvez Perales, Jose Luis"]
[Result "1-0"]
[WhiteElo "2076"]
[BlackElo "1931"]
[PlyCount "63"]
[EventDate "2017.08.07"]
[EventType "swiss"]
[EventRounds "9"]
[EventCountry "ESP"]
[SourceTitle "Ajedrez en Madrid"]
[Source "lmi"]
[SourceDate "2017.08.07"]

1. c4 g6 2. Nc3 Bg7 3. g3 e5 4. Bg2 Nc6 5. d3 d6 6. e3 Nf6 7. Nge2 Be6 8. Nd5
Bxd5 9. cxd5 Ne7 10. Qb3 c6 11. dxc6 bxc6 12. O-O O-O 13. Bd2 Rb8 14. Qa3 d5
15. Bb4 Rb7 16. Rac1 Re8 17. Bxe7 Qxe7 18. Rxc6 Qxa3 19. bxa3 Rb2 20. Nc3 Rc2
21. Rb1 e4 22. d4 Ng4 23. Rc7 Rd8 24. Nxd5 Rxa2 25. Ne7+ Kf8 26. Nc6 Re8 27. h3
Nxf2 28. Rbb7 Bh6 29. Rxf7+ Kg8 30. Nb4 Rd2 31. Nd5 Re6 32. Rxf2 1-0

[Event "Mislata 2017 Torneo A"]
[Site "Mislata ESP"]
[Date "2017.08.11"]
[Round "7.4"]
[White "Insa Alfonso, Pablo"]
[Black "Garcia Fernandez, Carlos"]
[Result "1/2-1/2"]
[WhiteElo "2223"]
[BlackElo "2295"]
[PlyCount "34"]
[EventDate "2017.08.07"]
[EventType "swiss"]
[EventRounds "9"]
[EventCountry "ESP"]
[SourceTitle "Ajedrez en Madrid"]
[Source "lmi"]
[SourceDate "2017.08.07"]

1. e4 d5 2. exd5 Qxd5 3. Nc3 Qd6 4. d4 Nf6 5. Nf3 a6 6. g3 b5 7. Bg2 Bb7 8. O-O
e6 9. Bf4 Qd8 10. Re1 Be7 11. Ne5 Bxg2 12. Kxg2 Nd5 13. Nxd5 Qxd5+ 14. Qf3
Qxf3+ 15. Kxf3 O-O 16. h4 Bd6 17. Nd3 Nd7 1/2-1/2

[Event "Mislata 2017 Torneo A"]
[Site "Mislata ESP"]
[Date "2017.08.11"]
[Round "7.5"]
[White "Mingo Fernandez, Matias"]
[Black "Hernandez Torralba, Jose Joaqu"]
[Result "1/2-1/2"]
[WhiteElo "2201"]
[BlackElo "2020"]
[PlyCount "87"]
[EventDate "2017.08.07"]
[EventType "swiss"]
[EventRounds "9"]
[EventCountry "ESP"]
[SourceTitle "Ajedrez en Madrid"]
[Source "lmi"]
[SourceDate "2017.08.07"]

1. d4 Nf6 2. Nf3 g6 3. g3 Bg7 4. Bg2 d5 5. O-O c5 6. c3 Nc6 7. Ne5 O-O 8. h3
cxd4 9. cxd4 Nxe5 10. dxe5 Ne4 11. Qd4 Be6 12. Nd2 Qc7 13. Nxe4 Bxe5 14. Qe3
dxe4 15. Qxe4 Bf5 16. Qa4 Qb6 17. e4 Be6 18. Be3 Qxb2 19. f4 Qc3 20. Bf2 Bg7
21. Rac1 Qb2 22. e5 f6 23. Rc2 b5 24. Rxb2 bxa4 25. Bxa8 Rxa8 26. Rb4 fxe5 27.
Rxa4 Bxh3 28. Rc1 exf4 29. gxf4 e5 30. fxe5 Bxe5 31. Rxa7 Rf8 32. Re7 Bf4 33.
Rce1 g5 34. Bd4 Rd8 35. Re8+ Rxe8 36. Rxe8+ Kf7 37. Re1 h5 38. a4 h4 39. a5 Bc8
40. Be3 Bg3 41. Rc1 Bb7 42. Rb1 Ba8 43. Bxg5 h3 44. Rb2 1/2-1/2

[Event "Mislata 2017 Torneo A"]
[Site "Mislata ESP"]
[Date "2017.08.11"]
[Round "7.6"]
[White "Kovacevic, Slobodan"]
[Black "Jordan Martinez, David"]
[Result "1-0"]
[WhiteElo "2304"]
[BlackElo "2095"]
[PlyCount "85"]
[EventDate "2017.08.07"]
[EventType "swiss"]
[EventRounds "9"]
[EventCountry "ESP"]
[SourceTitle "Ajedrez en Madrid"]
[Source "lmi"]
[SourceDate "2017.08.07"]

1. d4 d5 2. Bf4 Nf6 3. e3 c5 4. c3 e6 5. Nd2 Nc6 6. Ngf3 Bd6 7. Bg3 O-O 8. Bd3
b6 9. Qe2 Bb7 10. e4 Be7 11. e5 Nh5 12. a3 a5 13. O-O g6 14. Rfd1 Ra7 15. Nf1
Qc8 16. Ne3 Ba6 17. Ng4 Bxd3 18. Qxd3 Qd8 19. Qe3 Re8 20. Bf4 Nxf4 21. Qxf4 h5
22. Nf6+ Kg7 23. Nxe8+ Qxe8 24. h3 Qh8 25. h4 c4 26. a4 Rb7 27. b3 cxb3 28.
Rdb1 b5 29. Rxb3 b4 30. Rc1 Qe8 31. Ng5 Nd8 32. cxb4 Rxb4 33. Rxb4 axb4 34. Rc8
Qd7 35. Rb8 Qc7 36. Rb5 Qc2 37. Rxb4 Bxb4 38. Qf6+ Kg8 39. Qxd8+ Bf8 40. Qf6
Qc1+ 41. Kh2 Qc7 42. a5 Bg7 43. Qxf7+ 1-0

[Event "Mislata 2017 Torneo A"]
[Site "Mislata ESP"]
[Date "2017.08.11"]
[Round "7.7"]
[White "Gonzalvez Tamarit, Ruben"]
[Black "Hidalgo Duque, Carlos"]
[Result "0-1"]
[WhiteElo "2073"]
[BlackElo "2205"]
[PlyCount "76"]
[EventDate "2017.08.07"]
[EventType "swiss"]
[EventRounds "9"]
[EventCountry "ESP"]
[SourceTitle "Ajedrez en Madrid"]
[Source "lmi"]
[SourceDate "2017.08.07"]

1. e4 c5 2. Nf3 d6 3. d4 cxd4 4. Nxd4 Nf6 5. Nc3 a6 6. f3 e6 7. Be3 b5 8. Qd2
b4 9. Na4 Nbd7 10. O-O-O Qa5 11. b3 Bb7 12. a3 Qc7 13. axb4 d5 14. e5 Nxe5 15.
Re1 Bd6 16. Kb1 O-O 17. Nc5 Rfb8 18. h4 Bc8 19. Bg5 Nfd7 20. f4 Nc4 21. Bxc4
dxc4 22. Ndxe6 fxe6 23. Nxe6 Qb6 24. Qc3 Ne5 25. Nxg7 Qxb4 26. Qxb4 Bxb4 27.
Rxe5 Kxg7 28. f5 Ra7 29. f6+ Kf7 30. Be3 Rd7 31. Rh5 Kxf6 32. Rf1+ Ke6 33. Rh6+
Kd5 34. Bf4 Rb5 35. bxc4+ Kxc4 36. Rc6+ Bc5+ 37. Kc1 Bb7 38. Re6 Ba3# 0-1

[Event "Mislata 2017 Torneo A"]
[Site "Mislata ESP"]
[Date "2017.08.11"]
[Round "7.10"]
[White "Carbonell Sancho, Marc"]
[Black "Balada Moreno, Jose Luis"]
[Result "0-1"]
[WhiteElo "1947"]
[BlackElo "1991"]
[PlyCount "108"]
[EventDate "2017.08.07"]
[EventType "swiss"]
[EventRounds "9"]
[EventCountry "ESP"]
[SourceTitle "Ajedrez en Madrid"]
[Source "lmi"]
[SourceDate "2017.08.07"]

1. e4 d6 2. d4 Nf6 3. Nc3 g6 4. f3 c6 5. Be3 b5 6. Qd2 Nbd7 7. h4 Nb6 8. g4 h5
9. g5 Nfd7 10. b3 a6 11. Rd1 Bg7 12. Nce2 Qc7 13. Nh3 c5 14. Bg2 Bb7 15. O-O
Rc8 16. c3 a5 17. f4 b4 18. c4 cxd4 19. Nxd4 Nc5 20. Qc2 O-O 21. f5 Nbd7 22.
Nb5 Qb8 23. f6 exf6 24. Nxd6 fxg5 25. Nxc8 Qxc8 26. Nxg5 Ne5 27. Bxc5 Qxc5+ 28.
Qf2 Qc7 29. Qf4 Qe7 30. Rfe1 Ng4 31. Qd6 Qe8 32. Qd7 Qa8 33. c5 Bc6 34. Qd2 Bc3
35. Qe2 Qb8 36. Rd6 Bb5 37. Qd1 Qc7 38. Qd5 Bxe1 39. Rxg6+ Kh8 40. Nxf7+ Qxf7
41. Qxh5+ Qh7 42. Qxg4 Bf2+ 43. Kh2 Bd7 44. Qg5 Bxh4 45. Qh6 Be7 46. Qxh7+ Kxh7
47. Ra6 Bxc5 48. Rxa5 Bf2 49. Bh3 Bb6 50. Ra6 Bc7+ 51. Kg2 Rg8+ 52. Kf2 Bxh3
53. Ke3 Re8 54. Kd3 Bf1+ 0-1

[Event "Mislata 2017 Torneo A"]
[Site "Mislata ESP"]
[Date "2017.08.12"]
[Round "8.1"]
[White "Cruz Lledo, Pablo"]
[Black "Remolar Gallen, Jose"]
[Result "1-0"]
[WhiteElo "2439"]
[BlackElo "2304"]
[PlyCount "83"]
[EventDate "2017.08.07"]
[EventType "swiss"]
[EventRounds "9"]
[EventCountry "ESP"]
[SourceTitle "Ajedrez en Madrid"]
[Source "lmi"]
[SourceDate "2017.08.07"]

1. d4 Nf6 2. c4 g6 3. Nc3 Bg7 4. e4 d6 5. Nge2 O-O 6. g3 c5 7. d5 b5 8. cxb5 a6
9. f3 Nbd7 10. a4 Ne5 11. Nf4 e6 12. dxe6 fxe6 13. Bh3 c4 14. O-O Qb6+ 15. Kg2
axb5 16. Nxb5 d5 17. exd5 exd5 18. Bxc8 Raxc8 19. Nxd5 Nxd5 20. Qxd5+ Kh8 21.
Bh6 Bxh6 22. Qxe5+ Bg7 23. Qe2 Rc5 24. Rad1 Qf6 25. Rf2 Ra8 26. Rd6 Qf8 27. Re6
Rcc8 28. Qc2 Qb4 29. Nd6 Rf8 30. Qxc4 Rxa4 31. Qc6 Ra2 32. Nc4 Raa8 33. Ne5 Ra2
34. Nd7 Rxb2 35. Nxf8 Rxf2+ 36. Kxf2 Qd2+ 37. Kf1 Qd3+ 38. Re2 Qd1+ 39. Re1
Qd3+ 40. Kg1 Qd4+ 41. Kh1 Bxf8 42. Qe4 1-0

[Event "Mislata 2017 Torneo A"]
[Site "Mislata ESP"]
[Date "2017.08.12"]
[Round "8.2"]
[White "Segarra Martinez, Axel"]
[Black "Garcia Sancho, Josep"]
[Result "0-1"]
[WhiteElo "2150"]
[BlackElo "2076"]
[PlyCount "92"]
[EventDate "2017.08.07"]
[EventType "swiss"]
[EventRounds "9"]
[EventCountry "ESP"]
[SourceTitle "Ajedrez en Madrid"]
[Source "lmi"]
[SourceDate "2017.08.07"]

1. e4 c5 2. Nf3 Nc6 3. d4 cxd4 4. Nxd4 g6 5. Nc3 Bg7 6. Be3 Nf6 7. Bc4 O-O 8.
Bb3 Qa5 9. O-O d6 10. f3 Nxd4 11. Bxd4 Be6 12. Nd5 Bxd5 13. exd5 Nd7 14. Re1
Rfe8 15. Kh1 Bxd4 16. Qxd4 Qc5 17. Qh4 Nf6 18. Rad1 Rac8 19. Rd3 Qa5 20. c4 Rc7
21. Rde3 Qd2 22. f4 Qxb2 23. f5 b5 24. R3e2 Qa3 25. Rf2 bxc4 26. fxg6 hxg6 27.
Bxc4 Rec8 28. Rf4 Qc3 29. Bb3 Qd2 30. Rd4 Qb2 31. Bc4 Kg7 32. h3 Rh8 33. Qf4
Nh5 34. Qg4 Ng3+ 35. Kh2 Nf5 36. Rf4 Rh4 37. Qg5 Rxc4 38. Rxf5 Rcg4 39. Rxf7+
Kxf7 40. Qxe7+ Kg8 41. Re2 Qc3 42. Re3 Qd4 43. g3 Re4 44. Qd8+ Kg7 45. Qd7+ Kh6
46. Qxd6 Qd2+ 0-1

[Event "Mislata 2017 Torneo A"]
[Site "Mislata ESP"]
[Date "2017.08.12"]
[Round "8.3"]
[White "Hidalgo Duque, Carlos"]
[Black "Jordan Martinez, Miguel"]
[Result "1-0"]
[WhiteElo "2205"]
[BlackElo "2212"]
[PlyCount "89"]
[EventDate "2017.08.07"]
[EventType "swiss"]
[EventRounds "9"]
[EventCountry "ESP"]
[SourceTitle "Ajedrez en Madrid"]
[Source "lmi"]
[SourceDate "2017.08.07"]

1. Nf3 Nf6 2. c4 d6 3. Nc3 g6 4. e4 Bg7 5. d4 O-O 6. Be2 Bg4 7. Be3 Nc6 8. d5
Nb8 9. O-O c5 10. h3 Bxf3 11. Bxf3 Nfd7 12. Qd2 Na6 13. Be2 Qa5 14. Rfc1 Nc7
15. Qc2 a6 16. Bd2 Qb6 17. a4 a5 18. Nb5 Na6 19. Bc3 Nb4 20. Qd2 Nf6 21. Bf3
Rae8 22. Re1 Nd7 23. Be2 Nf6 24. Bf3 Nd7 25. Rad1 Qd8 26. Be2 b6 27. Bxg7 Kxg7
28. f4 f6 29. Bg4 h6 30. Re3 Kh7 31. Be6 Na6 32. Qe2 Nc7 33. Nxc7 Qxc7 34. Rg3
Rg8 35. Qg4 Rd8 36. Bf7 Nf8 37. Bxg8+ Kxg8 38. h4 Kf7 39. h5 g5 40. fxg5 hxg5
41. h6 Qd7 42. Qh5+ Ng6 43. Rxg5 Rg8 44. h7 Rg7 45. Rxg6 1-0

[Event "Mislata 2017 Torneo A"]
[Site "Mislata ESP"]
[Date "2017.08.12"]
[Round "8.4"]
[White "Hernandez Torralba, Jose Joaqu"]
[Black "Kovacevic, Slobodan"]
[Result "0-1"]
[WhiteElo "2020"]
[BlackElo "2304"]
[PlyCount "44"]
[EventDate "2017.08.07"]
[EventType "swiss"]
[EventRounds "9"]
[EventCountry "ESP"]
[SourceTitle "Ajedrez en Madrid"]
[Source "lmi"]
[SourceDate "2017.08.07"]

1. e4 c5 2. Nf3 e6 3. d4 cxd4 4. Nxd4 a6 5. Nc3 Qc7 6. Bd3 Nf6 7. f4 d6 8. Qf3
Nbd7 9. g4 g6 10. g5 Nh5 11. Bd2 Bg7 12. Nde2 b5 13. Ng3 Nxg3 14. hxg3 Bb7 15.
g4 Nc5 16. f5 Be5 17. Bf4 d5 18. fxe6 Bxf4 19. exf7+ Qxf7 20. O-O O-O 21. Qh3
dxe4 22. Ne2 Ne6 0-1

[Event "Mislata 2017 Torneo A"]
[Site "Mislata ESP"]
[Date "2017.08.12"]
[Round "8.5"]
[White "Redondo Flores, David"]
[Black "Insa Alfonso, Pablo"]
[Result "1-0"]
[WhiteElo "1993"]
[BlackElo "2223"]
[PlyCount "91"]
[EventDate "2017.08.07"]
[EventType "swiss"]
[EventRounds "9"]
[EventCountry "ESP"]
[SourceTitle "Ajedrez en Madrid"]
[Source "lmi"]
[SourceDate "2017.08.07"]

1. e4 c5 2. Nf3 Nc6 3. d4 cxd4 4. Nxd4 e6 5. Nb5 d6 6. Bf4 e5 7. Be3 Nf6 8. Bg5
Be6 9. N5c3 Qb6 10. b3 Be7 11. Be3 Qa5 12. Bd2 Qd8 13. Bd3 O-O 14. O-O Nb4 15.
Be2 Rc8 16. a3 Nc6 17. Be3 Qa5 18. Bd2 Qb6 19. Be3 Nd4 20. Kh1 Qc6 21. Bxd4
exd4 22. Qxd4 a6 23. Ra2 d5 24. e5 Ne4 25. Nxe4 dxe4 26. c4 Bc5 27. Qc3 Rfd8
28. Rd2 Qb6 29. b4 Bd4 30. Qc2 Bf5 31. Rdd1 Bxe5 32. Nc3 Qh6 33. g3 Qc6 34. Kg1
Bg6 35. Rxd8+ Rxd8 36. Rd1 Rxd1+ 37. Qxd1 Qe8 38. Nd5 f5 39. Ne3 h6 40. c5 Kh7
41. Nc4 f4 42. Qd5 Bb8 43. Nd6 Bxd6 44. cxd6 f3 45. Bc4 Qd7 46. Qg8# 1-0

[Event "Mislata 2017 Torneo A"]
[Site "Mislata ESP"]
[Date "2017.08.12"]
[Round "8.6"]
[White "Alvarez Morales, Miguel"]
[Black "Gonzalvez Perales, Jose Luis"]
[Result "0-1"]
[WhiteElo "2055"]
[BlackElo "1931"]
[PlyCount "141"]
[EventDate "2017.08.07"]
[EventType "swiss"]
[EventRounds "9"]
[EventCountry "ESP"]
[SourceTitle "Ajedrez en Madrid"]
[Source "lmi"]
[SourceDate "2017.08.07"]

1. c4 Nf6 2. Nc3 g6 3. g3 Bg7 4. Bg2 e5 5. d3 d6 6. Nf3 Nc6 7. O-O O-O 8. Bg5
h6 9. Bxf6 Bxf6 10. Rb1 a5 11. a3 Bg7 12. b4 axb4 13. axb4 f5 14. b5 Ne7 15.
Qc2 Be6 16. Nd2 Rb8 17. Nd5 g5 18. Nb3 f4 19. Nxe7+ Qxe7 20. Na5 Bc8 21. b6 c6
22. Qa2 Bd7 23. Be4 Ra8 24. Qd2 Bh3 25. Bg2 Bxg2 26. Kxg2 Ra6 27. c5 d5 28. Nb3
Rfa8 29. e4 fxe3 30. fxe3 e4 31. d4 g4 32. Ra1 Rxa1 33. Rxa1 Rxa1 34. Nxa1 Qf8
35. Qe2 h5 36. Nb3 Qa8 37. Qd2 Bh6 38. Nc1 Qa3 39. Kf2 Qa8 40. Ne2 Qa1 41. Qc1
Qa2 42. Qd1 Bg5 43. Qc1 Bh6 44. Ke1 Qa5+ 45. Qd2 Qa1+ 46. Nc1 Bg5 47. Kf1 Bh6
48. Kg2 Qa3 49. Kf2 Qa1 50. Qd1 Qc3 51. Qe1 Qc2+ 52. Ne2 Qa2 53. Qc1 Bg5 54.
Ke1 Qa5+ 55. Qc3 Qxc3+ 56. Nxc3 Bxe3 57. Nb5 Kf8 58. Ke2 Bg1 59. Kd2 Ke7 60.
Nd6 Bxh2 61. Ke2 Kd7 62. Kf2 e3+ 63. Kxe3 Bxg3 64. Nf5 Bh2 65. Kf2 Bf4 66. Nh4
Ke6 67. Ke2 Kf6 68. Ng2 Kg5 69. Kf2 h4 70. Ne1 Bg3+ 71. Ke2 0-1

[Event "Mislata 2017 Torneo A"]
[Site "Mislata ESP"]
[Date "2017.08.13"]
[Round "9.1"]
[White "Garcia Sancho, Josep"]
[Black "Cruz Lledo, Pablo"]
[Result "0-1"]
[WhiteElo "2076"]
[BlackElo "2439"]
[PlyCount "92"]
[EventDate "2017.08.07"]
[EventType "swiss"]
[EventRounds "9"]
[EventCountry "ESP"]
[SourceTitle "Ajedrez en Madrid"]
[Source "lmi"]
[SourceDate "2017.08.07"]

1. e4 c6 2. d4 d5 3. Nc3 dxe4 4. Nxe4 Bf5 5. Ng3 Bg6 6. Nf3 Nd7 7. h4 h6 8. h5
Bh7 9. Bd3 Bxd3 10. Qxd3 e6 11. Bd2 Ngf6 12. O-O-O Be7 13. Rhe1 O-O 14. Qb3 Qb6
15. Ne5 Nxe5 16. dxe5 Ng4 17. Qf3 Nxf2 18. Be3 Qa5 19. Qxf2 Qxa2 20. c3 a5 21.
Rd7 a4 22. Rxe7 a3 23. Qc2 Qa1+ 24. Kd2 Rfd8+ 25. Ke2 axb2 26. Rb1 Qa3 27. Rxf7
Kxf7 28. Qg6+ Kg8 29. Bxh6 Qa6+ 30. Ke1 Rd7 31. Ne4 Kh8 32. Nf6 gxf6 33. Qxf6+
Kh7 34. Qg6+ Kh8 35. Bg5 Rf8 36. Bf6+ Rxf6 37. exf6 Qa8 38. Rxb2 Qa1+ 39. Qb1
Qa5 40. Qc1 Qxh5 41. Rf2 Qe5+ 42. Kf1 Rh7 43. g4 Rh1+ 44. Kg2 Qe4+ 45. Kg3 Rxc1
46. f7 Rg1+ 0-1

[Event "Mislata 2017 Torneo A"]
[Site "Mislata ESP"]
[Date "2017.08.13"]
[Round "9.2"]
[White "Kovacevic, Slobodan"]
[Black "Remolar Gallen, Jose"]
[Result "1/2-1/2"]
[WhiteElo "2304"]
[BlackElo "2304"]
[PlyCount "104"]
[EventDate "2017.08.07"]
[EventType "swiss"]
[EventRounds "9"]
[EventCountry "ESP"]
[SourceTitle "Ajedrez en Madrid"]
[Source "lmi"]
[SourceDate "2017.08.07"]

1. d4 d5 2. Bf4 Nf6 3. e3 c5 4. c3 Nc6 5. Nd2 Bf5 6. Qb3 Qd7 7. Ngf3 c4 8. Qb5
e6 9. b3 cxb3 10. axb3 Be7 11. Qa4 O-O 12. Bb5 Qc8 13. O-O Nh5 14. Bxc6 bxc6
15. b4 Nxf4 16. exf4 Qc7 17. g3 Bd6 18. Rfe1 Rfc8 19. Re3 h6 20. Ra2 f6 21. Qd1
g5 22. fxg5 hxg5 23. Nb3 Kg7 24. Qe1 Qf7 25. Nfd2 Rh8 26. Qe2 Bf4 27. Nc5 Bxe3
28. fxe3 Rhe8 29. Ra6 e5 30. Ndb3 Re7 31. Rxc6 Rae8 32. Qf3 Bg6 33. Kf2 Bh5 34.
g4 Bg6 35. Rd6 Rh8 36. Kg2 f5 37. dxe5 Rxe5 38. Rd7 Re7 39. Rxe7 Qxe7 40. gxf5
Qe5 41. fxg6 Qxh2+ 42. Kf1 Kxg6 43. Nd4 Rh3 44. Qf5+ Kh5 45. Ne2 Qh1+ 46. Ng1
Rh2 47. Qf7+ Kg4 48. Qd7+ Kh4 49. Qh7+ Kg4 50. Qd7+ Kh4 51. Qh7+ Kg4 52. Qd7+
Kh4 1/2-1/2

[Event "Mislata 2017 Torneo A"]
[Site "Mislata ESP"]
[Date "2017.08.13"]
[Round "9.3"]
[White "Jordan Martinez, Miguel"]
[Black "Redondo Flores, David"]
[Result "1-0"]
[WhiteElo "2212"]
[BlackElo "1993"]
[PlyCount "49"]
[EventDate "2017.08.07"]
[EventType "swiss"]
[EventRounds "9"]
[EventCountry "ESP"]
[SourceTitle "Ajedrez en Madrid"]
[Source "lmi"]
[SourceDate "2017.08.07"]

1. e4 c5 2. Nf3 d6 3. b3 Nf6 4. Nc3 e5 5. Bb2 Nc6 6. Bb5 a6 7. Bxc6+ bxc6 8. d3
g6 9. Qe2 Bh6 10. Nd2 Be6 11. O-O-O Nd7 12. Kb1 Bxd2 13. Qxd2 Qe7 14. f4 f6 15.
fxe5 fxe5 16. Rhf1 Qg7 17. Na4 O-O-O 18. Qa5 Kb7 19. b4 cxb4 20. d4 Qe7 21.
dxe5 dxe5 22. Rxd7+ Rxd7 23. Nc5+ Kc8 24. Qxa6+ Rb7 25. Qxc6+ 1-0

[Event "Mislata 2017 Torneo A"]
[Site "Mislata ESP"]
[Date "2017.08.13"]
[Round "9.4"]
[White "Gonzalvez Perales, Jose Luis"]
[Black "Hidalgo Duque, Carlos"]
[Result "0-1"]
[WhiteElo "1931"]
[BlackElo "2205"]
[PlyCount "50"]
[EventDate "2017.08.07"]
[EventType "swiss"]
[EventRounds "9"]
[EventCountry "ESP"]
[SourceTitle "Ajedrez en Madrid"]
[Source "lmi"]
[SourceDate "2017.08.07"]

1. e4 c5 2. c3 Nf6 3. e5 Nd5 4. Nf3 e6 5. d4 cxd4 6. Qxd4 Nc6 7. Qe4 f5 8. Qe2
b5 9. g4 fxg4 10. Ng5 Qc7 11. f4 gxf3 12. Nxf3 g6 13. h4 Bg7 14. h5 Nxe5 15.
Nxe5 Qxe5 16. Qxe5 Bxe5 17. Bxb5 Bb7 18. hxg6 hxg6 19. Rg1 O-O-O 20. Bg5 Rdf8
21. Nd2 Rh2 22. O-O-O Rff2 23. Nc4 Bxc3 24. Rgf1 Bxb2+ 25. Nxb2 Rc2+ 0-1